000
00300nam a2200121Ia 4500
008
220204s9999 xx 000 0 und d
082
_a
633.61
_b
KAK
100
_a
KAKDE, J R
245
0
_a
Sugarcane production.
260
_a
Delhi
_b
Metropolitan
_c
1985
650
_a
Sugarcane cultivation
942
_c
BK
999
_c
39085
_d
39085